000 00394 a2200121 4500
001 ART_61199
005 20260410162010.0
008 260409a
245 1 0 _aControl judicial de las cláusulas abusivas
100 1 _aVassena Monzalbo, Carlos A.
700 1 _aFossaceca, Carlos Alberto (h)
773 0 _tTemas de derecho civil
_g- Año 10, N° 6/7 (jun./jul 2024)
_wREV34778
999 _c32139
_d32139